000
00336nam a22001457a 4500
008
230720b ||||| |||| 00| 0 eng d
020
_a
9780801863503
041
_a
eng
080
_a
61
082
_a
61ANG
100
_a
4
101
_a
MATEM
245
_a
CURRICULUM FOR THE TWENTY FIRST CENTURY
_c
ANGELIS .DE.D C
942
_2
udc
_c
BK
999
_c
60190
_d
60190